Mullakrishi (Record no. 253011)
[ view plain ]
| 000 -LEADER | |
|---|---|
| fixed length control field | 00337nam a22001457a 4500 |
| 041 ## - LANGUAGE CODE | |
| Language code of text/sound track or separate title | Malayalam |
| 082 ## - DEWEY DECIMAL CLASSIFICATION NUMBER | |
| Classification number | 635 |
| Item number | SAN/MU |
| 100 ## - MAIN ENTRY--PERSONAL NAME | |
| Personal name | Sandha K K |
| 245 ## - TITLE STATEMENT | |
| Title | Mullakrishi |
| 260 ## - PUBLICATION, DISTRIBUTION, ETC. (IMPRINT) | |
| Place of publication, distribution, etc. | Mannuthy |
| Name of publisher, distributor, etc. | Kerala Agriultural University |
| Date of publication, distribution, etc. | 2000 |
| 300 ## - PHYSICAL DESCRIPTION | |
| Extent | 16p |
| 365 ## - TRADE PRICE | |
| Price type code | Rs.15/- |
| 650 ## - SUBJECT ADDED ENTRY--TOPICAL TERM | |
| Topical term or geographic name as entry element | Floriculture, flower, jasmine |
| 942 ## - ADDED ENTRY ELEMENTS (KOHA) | |
| Koha item type | Books (General) |
| Withdrawn status | Lost status | Damaged status | Not for loan | Home library | Current library | Date acquired | Total Checkouts | Full call number | Barcode | Date last seen | Price effective from | Koha item type |
|---|---|---|---|---|---|---|---|---|---|---|---|---|
| College of Agriculture, Vellanikkara | College of Agriculture, Vellanikkara | 26/10/2017 | 635 SAN/MU | KAU-COA-G-592 | 26/10/2017 | 26/10/2017 | Books (General) |
